000 01552cam a22004814i 4500
003 PE-LiUPU
005 20250731172723.0
008 150617s1984 sp r 000 0 spa d
020 _a8430109455
035 _a(Sirsi) i9788430109456
040 _aPE-LiUPU
_bspa
_cPE-LiUPU
_erda
049 _aPRUA
082 0 4 _a238.2
_bF58
_221
100 1 _aFitzmyer, Joseph A.,
_eautor.
245 1 0 _aCatecismo Cristológico :
_bRespuestas del nuevo testamento /
_cJoseph A. Fitzmyer.
264 1 _aSalamanca :
_bSigueme,
_c1984.
300 _a159 páginas ;
_c21 centímetros.
336 _atext
_2rdacontent
337 _aunmediated
_2rdamedia
338 _avolume
_2rdacarrier
490 1 _aBiblia y catequesis ;
_v4
505 0 _aCatecismo cristológico.
526 _aSEG42
526 _aSEG41
526 _aSEG40
526 _aSEG39
526 _aP94
526 _aP87
526 _aP86
526 _aP85
526 _aP77
526 _aP76
526 _aP35
630 _aBiblia
_pN.T.
_pEvangelios
_xComentarios.
650 0 4 _aCristología.
910 _ajck
_bjvq
_cjck
_d20150616
942 _2ddc
_cBOOK
949 _a238.2 F58
_wDEWEY
_c1
_i23440
_lCCODEBUL1
_mBUL
_r0
_sY
_tBOOK
_u2015-6-17
_xTEOLOGIA
_PP35
_0COMPRA
_o.STAFF. Colección Teología
994 _aC0
_bPEPRU
596 _a1
999 _a238.2 F58
_wDEWEY
_c1244
_i23440
_f2021-11-11
_g5
_lCCODEBUL1
_mBUL
_p29.00
_r0
_sY
_tBOOK
_u2015-6-17
_xTEOLOGIA
_PP35
_0COMPRA
_o.STAFF. Colección Teología
_d1244
980 _81
_gALBERTO SANCHEZ Responsable de Automatización